banner-ar

كيمياء التصويرالفوتوغرافى: للفيلم الابيض والاسود والفيلم الملون / (Record no. 49831)

MARC details
000 -الفاتح
حقل البيانات ثابتة الطول 00714nam a2200217Ia 4500
008 - عناصر البيانات ثابتة الطول - معلومات عامة
حقل البيانات ثابتة الطول 140319s9999 xx 000 0 ara d
040 ## - مصدر الفهرسة
وكالة الفهرسة الأصلية GCL /
وكالة النسخ GCL
082 04 - رقم تصنيف ديوى العشرى
رقم التصنيف 771.5324
رقم المادة ا ك
100 1# - المدخل الرئيسى - إسم شخصى
الإسم الشخصى احمد مصطفى
245 10 - بيان العنوان
العنوان كيمياء التصويرالفوتوغرافى: للفيلم الابيض والاسود والفيلم الملون /
بيان المسئوليه,etc احمد مصطفى
700 1# - المدخل الاضافى - اسم شخصى
الإسم الشخصى ايتون، جورج ت
700 1# - المدخل الاضافى - اسم شخصى
الإسم الشخصى سعد عبدالرحمن قلج
300 ## - الوصف المادى
التعداد 183 ص
490 ## - بيان السلسلة
عنوان السلسلة الالف كتاب
رقم المجلد/ التعيين التسلسلي 0
650 04 - المدخل الاضافى بالموضوع-مصطلح موضوعى
مصطلح موضوعي التصوير الفوتوغرافى
650 04 - المدخل الاضافى بالموضوع-مصطلح موضوعى
مصطلح موضوعي الفنون
650 04 - المدخل الاضافى بالموضوع-مصطلح موضوعى
مصطلح موضوعي الافلام
650 04 - المدخل الاضافى بالموضوع-مصطلح موضوعى
مصطلح موضوعي التصوير الضوئى
942 ## - عناصر المدخل الإضافي( كوها)
مصدر التصنيف او مخطط الترفيف Dewey Decimal Classification
Koha [default] item type كتاب
Holdings
حالة التراجع حالة الفقد حالة تلف ليس للاعارة المكان المؤقت الموقع الحالى تاريخ الاكتساب اجمالي اﻻعارات رقم الطلب الباركود تاريخ اخر مشاهدة تاريخ تفعيل السعر نوع وعاء كوها
        مكتبة القاهرة الكبرى مكتبة القاهرة الكبرى 03/26/2014   771.5324\ا ك 119582 03/26/2014 03/26/2014 كتاب

Powered By

EGPV